| 000 | 01746cab a2200313Ia 45 0 | ||
|---|---|---|---|
| 001 | u195820 | ||
| 003 | SIRSI | ||
| 008 | 111024s2005 ua ss b 0 eng d | ||
| 040 | _aEAL | ||
| 041 |
_aeng _bara |
||
| 090 | _aART ZJAR V32 No4 2 | ||
| 100 | 1 | _aIbrahim, M.M. | |
| 240 | 1 | 0 |
_aZagazig journal of agricultural research, 2005 v. 32 (4) _h[electronic resource]. |
| 245 | 1 | 0 |
_aEffect of nitrogen and phosphorus fertilization on yield and quality of two sugar beet varieties under Assuit Governorate condition _h[electronic resource]. |
| 246 | 1 | 5 | _aتأثير التسميد الازوتى والفوسفاتى على محصول وجودة صنفين من بنجر السكر تحت ظروف محافظة أسيوط. |
| 300 | _ap.1087-1103. | ||
| 504 | _aIncludes references. | ||
| 520 | _aTwo field experiments were carried out in 2002/2003 and 2003/2004 growing seasons at the Experimental Farm of the Faculty of Agriculture, A1-Azhar University, Assuit Governorate to study the effect of three nitrogen fertilizer levels (60, 90 and 120 kg N/fed) and three phosphorus fertilizer levels (15.5, 31.0 and 46.5 kg PzOslfed) on yield and quality of two mult-germ sugar beet varieties (Kawmera and Farida). Sub-sub-plot design in fonr replications was used in this study. | ||
| 546 | _aSummary in Arabic. | ||
| 650 | 0 |
_aPlants _xEffect of phosphorus on. |
|
| 650 | 0 |
_aPlants _xEffect of nitrogen on. |
|
| 650 | 0 |
_aSugar beet _xYield. |
|
| 650 | 0 |
_aSugar beet _xVarieties. |
|
| 700 | 1 | _aEl-Aref,Kh.A.O. | |
| 700 | 1 | _aAbo El-Hamd,A.S. | |
| 773 | 0 |
_tZagazig Journal of Agricultural Research. _g2005.v.32(4) _x1110-0338 _7nnas _wu158356 |
|
| 856 | 4 | 0 |
_uhttp://nile.enal.sci.eg/EALE/2005/ZJAR/3205/4/1087.pdf _zFull Text Article. |
| 596 | _a1 | ||
| 942 |
_cAR _2lcc |
||
| 999 |
_c48937 _d48937 |
||